| 000 | 00626nam a2200217Ia 4500 | ||
|---|---|---|---|
| 005 | 20241129110008.0 | ||
| 008 | 241129s9999||||xx |||||||||||||| ||und|| | ||
| 020 | _a978-1-3501-5227-4 | ||
| 037 | _aTB | ||
| 040 |
_aARTS _beng _cARTS |
||
| 041 |
_aeng _2eng |
||
| 084 |
_aX:51.L R3 _qARTS |
||
| 100 |
_aGood Peter Au. _9724129 |
||
| 245 | 0 |
_aEast India company in persia: trade and cultural exchange in the eighteenth century _cGood Peter Au. |
|
| 260 |
_aUK _bI.B. Tauris _c2023 |
||
| 300 | _axvii,199p. | ||
| 365 |
_aUKP _b28.99 |
||
| 650 | _aEconomics | ||
| 942 |
_cTB _hX:51.L R3 |
||
| 999 |
_c1226913 _d1226913 |
||